Moeurs intimes du passé : cinquième série : les fléaux de l'humanité /

Shranjeno v:
Bibliografske podrobnosti
Glavni avtor: Cabanès, Augustin (autor)
Format: Knjiga
Jezik:francoščina
Izdano: París, Francia : Albin Michel, 1923
Teme:
Oznake: Označite
Brez oznak, prvi označite!

MARC

LEADER 00000nam^a2200000^a^4500
001 000570803
005 20250526000000.0
009 20260310132235.623
037 |a Acervo ITESO - Biblioteca 
041 |a FRA 
091 |a FHA. 03222 
100 |a Cabanès, Augustin  |e (autor) 
240 1 1 |a [Moeurs intimes du passé] 
245 1 0 |a Moeurs intimes du passé :  |b cinquième série : les fléaux de l'humanité /  |c A. Cabanès. 
264 1 |a París, Francia :  |b Albin Michel,  |c 1923 
300 |a 478 p. ;  |c 19.0 cm. 
336 |a texto  |b txt  |2 rdacontenido 
337 |a sin mediación  |b n  |2 rdamedio 
338 |a volumen  |b nc  |2 rdasoporte 
515 |a Inventario familia Hartung: 506 
545 0 |a El médico francés Agustín Cabanès (1862-1928) fue también escritor e historiador, a la par de su profesión médica. Conocido por sus obras relativas a algunos misterios de la historia y de la historia de la medicina. En sus relatos presenta situaciones médicas vividas por personajes de la historia, descifrando muchos enigmas que parecían inexplicables. Su obra contribuyó a abrir el arte médico más allá de sus fronteras, para interesarse por el mundo de la literatura, el arte, la sociología, la economía política, entre otras. Fue un escritor prolífico, entre sus obras, a caballo entre medicina, historia e historia de la medicina, se encuentran: Molière et les médecins (1895); Le Cabinet secret de l'histoire entr'ouvert par un médecin (1897-1898); Poisons et sortilèges, avec le docteur Lucien Nass (1903); Moeurs intimes du passé (1908-1936); Une Allemande à la cour de France : la princesse Palatine. Les petits talents du grand Frédéric. Un médecin prussien, espion dans les salons romantiques (1916); Esquisses d'hydrologie historique (1917); Les Cinq sens (1926); Les Énigmes de l'histoire (1930). 
561 |a Ex libris manuscrito de Enrique Camarena 
561 |a Ex libris de Hartung Ashida [Familia] 
592 |a Fe de erratas: Pages 8 et 9: Les gravures des pages 8 et 9 doivent être transposées 
592 |a Fe de erratas: Page 22, ligne 18: lire beste sauvage et non peste sauvage 
592 |a Fe de erratas: Page 116: Le second appel de note (1) de cette page se rapporte à la note 1 de la page 118 
592 |a Fe de erratas: Page 208, note 3: lire Michelet, au lieu de Mutalet 
592 |a Fe de erratas: Page 323, note 1, ligne 7: lire rapetissés, au lieu de rappetissés 
592 |a Fe de erratas: Page 324, note 2, ligne 9: rabbin, au lieu de rabin 
592 |a Fe de erratas: Page 330, lire Beauvau et non Bauveau 
649 |a XX 
650 |a Peste -  |x Historia 
650 |a Lepra -  |x Historia 
650 |a Cólera -  |x Historia 
650 |a Viruela -  |x Historia 
650 |a Influenza -  |x Historia 
650 |a Epidemias -  |x Historia -  |x Tema Principal 
650 |a Enfermedades -  |x Historia 
650 |a Prácticas Culturales -  |z Francia 
650 |a Ciencias Médicas -  |x Historia 
650 |a Etica Social -  |z Francia -  |x Historia -  |x Tema Principal 
650 |a Filosofía Aplicada 
910 |a Fondo Horst Hartung Franz 
920 |a Impresos - Libros 
930 |a Libros Antiguos y Raros 
905 |a 135 
901 |a 0500330648  |b IT2  |c LRA  |i D  |u 20250526 
902 |a https://opac.biblio.iteso.mx/vufind/Record/000570803